000 00351nam a22001217a 4500
003 SGT
082 _a891.4309
_bA78M
100 _aमलकानी, के. आर.
245 _aआधी रात कोई दस्तक देर रहा है
260 _bप्रभात प्रकाशन
_c1978
300 _a150
942 _2ddc
_cBK
999 _c32062
_d32062